Kierowcy z największą liczbą startów w Formule 1 - Statystyki

Ogólne statystyki
  • Ten quiz został rozwiązany 337 razy
  • Średni wynik to 7 z 10
Statystyki odpowiedzi
Starty Sezony Narodowość Kierowca % Poprawnych
250 2007- Wielka Brytania Lewis Hamilton
98%
311 2001, 2003-2018 Hiszpania Fernando Alonso
96%
306 1991-2006, 2010-2012 Niemcy Michael Schumacher
96%
312 2001-2009, 2012- Finlandia Kimi Räikkönen
94%
269 2002, 2004-2016 Brazylia Felipe Massa
85%
306 2000-2017 Wielka Brytania Jenson Button
82%
322 1993-2011 Brazylia Rubens Barrichello
68%
246 1994-2008 Wielka Brytania David Coulthard
38%
252 1997-2011 Włochy Jarno Trulli
37%
256 1977-1993 Włochy Riccardo Patrese
14%
Nie znaleziono quizów pasujących do podanych kryteriów
Rozkład punktacji
Procent ludzi z każdym wynikiem
Percentyl według liczby udzielonych odpowiedzi
Twoja historia wyników
Nie rozwiązałeś tego quizu